000 00647nam a2200277Ia 4500
005 20260324123759.0
008 008 260324s9999 xx 000 0 eng d
020 _a9781315259970
037 _aEBOOK
040 _aCRL
040 _beng
040 _cCRL
041 _2eng
041 _aeng
084 _qCRL
100 _aPhilip Ullah
_91171620
245 0 _aCollaborative Leadership in Financial Services
260 _bTaylor and Francis
260 _c2011
365 _a
365 _b430
856 _uhttp://www.taylorfrancis.com/books/9781315259970
942 _cEBOOK
999 _c1765435
_d1765435